| 000 | 00615nam a22001575i 4500 | ||
|---|---|---|---|
| 001 | 151785 | ||
| 003 | ES-MaACL | ||
| 005 | 20230906204400.0 | ||
| 008 | 051005s1884 sp | |||||||| ||spa d | ||
| 040 |
_aCAM _bspa _cCAM |
||
| 100 | 1 |
_aBejarano y Sánchez, Eloy. _927098 |
|
| 245 | 1 | 3 |
_aEl escepticismo en medicina _b: (estudio médico-social de actualidad) / _cpor Eloy Bejarano. |
| 260 |
_aMadrid : _b[s.n.], _c1884 ( _fImprenta y fundición de Manuel Tello) |
||
| 300 |
_a36 p. ; _c25 cm. |
||
| 852 |
_aES-MaACL _jT-384-F-5 _z-- Enc. hol. _z-- Dedic. ms. del autor al Ateneo de Madrid _z-- Enc. en un vol. facticio |
||
| 999 |
_c151785 _d151785 |
||